Dân ca Trà Vinh

Dân ca Trà Vinh là một bộ phận trong hệ thống các công trình nghiên cứu khoa học xã hội nhằm tái hiện dưới nhiều dạng thức khác nhau, nhiều góc nhìn khác nhau về lịch sử nhân văn, về tiến trình hình thành và phát triển của vùng đất, vê...

Full beskrivning

Sparad:
Bibliografiska uppgifter
Huvudupphovsman: Lư, Nhất Vũ
Materialtyp: Bok
Språk:Undetermined
Publicerad: Trà Vinh Sở Văn hóa Thông tin Trà Vinh 2004
Ämnen:
Taggar: Lägg till en tagg
Inga taggar, Lägg till första taggen!
Thư viện lưu trữ: Trung tâm Học liệu Trường Đại học Cần Thơ
LEADER 01048nam a2200193Ia 4500
001 CTU_226355
008 210402s9999 xx 000 0 und d
082 |a 398.809597 
082 |b V500 
100 |a Lư, Nhất Vũ 
245 0 |a Dân ca Trà Vinh 
245 0 |c Lư Nhất Vũ, Nguyễn Văn Hoa, Lê Giang (Chủ biên) 
260 |a Trà Vinh 
260 |b Sở Văn hóa Thông tin Trà Vinh 
260 |c 2004 
520 |a Dân ca Trà Vinh là một bộ phận trong hệ thống các công trình nghiên cứu khoa học xã hội nhằm tái hiện dưới nhiều dạng thức khác nhau, nhiều góc nhìn khác nhau về lịch sử nhân văn, về tiến trình hình thành và phát triển của vùng đất, về lịch sử đấu tranh cách mạng hào hùng của Đảng bộ, quân dân tình Trà Vinh. 
650 |a Folk songs,Dân ca 
910 |b nthai 
980 |a Trung tâm Học liệu Trường Đại học Cần Thơ